00429nam a2200121Ia 4500008004100000245012700041260002400168260000900192300000700201650002300208650001200231856006400243170516s9999 xx 000 0 und d 4aThe use of metabolic engineering to produce fatty acid-derived biofuel and chemicals in Saccharomyces cerevisiae: a review bAIMS Bioengineering c2016 a:4 xMedical Technology xMedtech uhttp://www.aimspress.com/journal/Bioengineering/2016/4.html